| 000 | 01191cam a22003131 4500 | ||
|---|---|---|---|
| 001 | 2993 | ||
| 003 | BD-RjUL | ||
| 005 | 20211208233645.0 | ||
| 008 | 131217s19481947nyua b 001 0 eng | ||
| 035 | _a(BD-RjUL)3021 | ||
| 035 | _a(OCoLC)239377 | ||
| 040 |
_aDLC _cODaWU _dOCoLC _dDLC _beng |
||
| 041 | _aeng | ||
| 082 |
_a382 _216 _bREB 1948 |
||
| 110 | 2 |
_aTwentieth Century Fund. _bCommittee on Foreign Economic Relations. _99541 |
|
| 245 | 1 | 0 |
_aRebuilding the world economy: America's role in foreign trade and investment,/ _cNorman S. Buchanan and Friedrich A. Lutz; with the report and recommendations of the Committee on Foreign Economic Relations. |
| 260 |
_aNew York : _bTwentieth Century Fund, _c1947.[REPRINTED 1948] |
||
| 300 |
_axiii, 434 p. _bdiagrs. _c24 cm. |
||
| 504 | _aBibliography: p. 415-421. | ||
| 526 | _bEconomics | ||
| 650 | 0 |
_aCommercial policy. _96899 |
|
| 650 | 0 |
_aInvestments, Foreign. _99536 |
|
| 651 | 0 |
_aUnited States _xCommercial policy. _98618 |
|
| 700 | 1 |
_aBuchanan, Norman S. _q(Norman Sharpe), _d1905-1958. _99537 |
|
| 700 | 1 |
_aLutz, Friedrich A. _q(Friedrich August), _d1901- _99538 |
|
| 942 |
_2ddc _cBK |
||
| 999 |
_c2993 _d2993 |
||